[Event "CRO-chT1A 31st"]
[Site "Veli Losinj"]
[Date "2023.10.17"]
[Round "7.6"]
[White "Zelic, Mladen"]
[Black "Sale, Srdjan"]
[Result "1/2-1/2"]
[WhiteElo "2256"]
[BlackElo "2297"]
[PlyCount "30"]
[EventDate "2023.10.11"]
[EventType "team-tourn"]
[EventRounds "7"]
[EventCountry "CRO"]
[SourceTitle "Mega2024 Update 01"]
[Source "Chessbase"]
[SourceDate "2023.11.12"]
[SourceVersion "1"]
[SourceVersionDate "2023.11.12"]
[SourceQuality "1"]
[WhiteTeam "Bibinje Goran"]
[BlackTeam "Kastel Novi"]
[WhiteTeamCountry "CRO"]
[BlackTeamCountry "CRO"]

1. e4 e6 2. d4 d5 3. Nc3 dxe4 4. Nxe4 Bd7 5. Nf3 Bc6 6. Bd3 Nd7 7. 0-0 Bxe4 8. Bxe4 c6 9. Re1 Ngf6 10. Bd3 Be7 11. c3 0-0 12. Bf4 Qb6 13. Qe2 Rfe8 14. Ne5 Nxe5 15. Bxe5 Rad8 1/2-1/2

[Event "Arcadia King Memorial 2nd"]
[Site "Arcadia"]
[Date "2023.08.14"]
[Round "9.2"]
[White "Sale, Srdjan"]
[Black "Iinuma, Paul Y"]
[Result "1/2-1/2"]
[WhiteElo "2340"]
[BlackElo "2039"]
[PlyCount "24"]
[EventDate "2023.08.09"]
[EventType "schev"]
[EventRounds "10"]
[EventCountry "USA"]
[SourceTitle "EXT 2024"]
[Source "ChessBase"]
[SourceDate "2023.10.10"]
[SourceVersion "1"]
[SourceVersionDate "2023.10.10"]
[SourceQuality "1"]

1. d4 Nf6 2. Nf3 d5 3. c4 e6 4. Nc3 c6 5. e3 a6 6. a4 dxc4 7. Bxc4 c5 8. 0-0 Nc6 9. Qe2 Qc7 10. Rd1 Be7 11. Bd2 0-0 12. Rac1 Rd8 1/2-1/2

[Event "Arcadia King Memorial 2nd"]
[Site "Arcadia"]
[Date "2023.08.13"]
[Round "8.2"]
[White "Wu, Derek"]
[Black "Sale, Srdjan"]
[Result "1/2-1/2"]
[WhiteElo "2171"]
[BlackElo "2340"]
[PlyCount "35"]
[EventDate "2023.08.09"]
[EventType "schev"]
[EventRounds "10"]
[EventCountry "USA"]
[SourceTitle "EXT 2024"]
[Source "ChessBase"]
[SourceDate "2023.10.10"]
[SourceVersion "1"]
[SourceVersionDate "2023.10.10"]
[SourceQuality "1"]

1. e4 g6 2. d4 Bg7 3. Nf3 d6 4. Bc4 Nf6 5. Qe2 0-0 6. e5 dxe5 7. dxe5 Nd5 8. h3 c6 9. 0-0 Qc7 10. Re1 Rd8 11. Qe4 Bf5 12. Qh4 Nd7 13. Bf4 Qb6 14. Bb3 Nf8 15. Bh6 Qb4 16. c4 Bxh6 17. Qxh6 Nc7 18. Nc3 1/2-1/2

[Event "Arcadia King Memorial 1st"]
[Site "Arcadia"]
[Date "2023.08.07"]
[Round "9"]
[White "Sale, Srdjan"]
[Black "Kiewra, Keaton F"]
[Result "1-0"]
[WhiteElo "2340"]
[BlackElo "2330"]
[PlyCount "67"]
[EventDate "2023.08.02"]
[EventType "tourn"]
[EventRounds "10"]
[EventCountry "USA"]
[EventCategory "2"]
[SourceTitle "EXT 2024"]
[Source "ChessBase"]
[SourceDate "2023.10.10"]
[SourceVersion "1"]
[SourceVersionDate "2023.10.10"]
[SourceQuality "1"]

1. e4 c5 2. Nf3 d6 3. d4 Nf6 4. Nc3 cxd4 5. Qxd4 Bd7 6. Bg5 Nc6 7. Qd2 Rc8 8. 0-0-0 Qa5 9. Kb1 Be6 10. a3 Ng4 11. h3 Nge5 12. Nxe5 Nxe5 13. Bb5+ Nc6 14. f4 h6 15. Bh4 g5 16. fxg5 a6 17. Ba4 Bg7 18. gxh6 Bxh6 19. Qd4 Rg8 20. Bxc6+ bxc6 21. Qa7 Rc7 22. Qb8+ Rc8 23. Qa7 f6 24. g4 Bf4 25. Be1 Rc7 26. Qf2 Be5 27. Nd5 Qa4 28. Nxc7+ Kf7 29. Nxe6 Rb8 30. Bb4 a5 31. Qa7 Rxb4 32. axb4 Qxb4 33. Nd4 c5 34. Qxe7+ 1-0

[Event "Arcadia King Memorial 1st"]
[Site "Arcadia"]
[Date "2023.08.05"]
[Round "6"]
[White "Wen, Tommy"]
[Black "Sale, Srdjan"]
[Result "1-0"]
[WhiteElo "2323"]
[BlackElo "2340"]
[PlyCount "71"]
[EventDate "2023.08.02"]
[EventType "tourn"]
[EventRounds "10"]
[EventCountry "USA"]
[EventCategory "2"]
[SourceTitle "EXT 2024"]
[Source "ChessBase"]
[SourceDate "2023.10.10"]
[SourceVersion "1"]
[SourceVersionDate "2023.10.10"]
[SourceQuality "1"]

1. e4 c5 2. Nf3 g6 3. d4 Bg7 4. c3 cxd4 5. cxd4 d5 6. e5 Nc6 7. Nc3 Bg4 8. Bb5 Nh6 9. h3 Bxf3 10. Qxf3 Nf5 11. Qd3 h5 12. 0-0 e6 13. b3 Rc8 14. Na4 0-0 15. Bxc6 Rxc6 16. g4 hxg4 17. hxg4 Rxc1 18. Raxc1 Qg5 19. Qd1 Bh6 20. Rc3 Nh4 21. f4 Qe7 22. Qe1 g5 23. f5 exf5 24. gxf5 Qb4 25. Qe3 Kh7 26. Qd3 g4 27. Kf2 Rg8 28. Kg3 Nf3 29. f6+ Rg6 30. Rc7 Ng5 31. Nc3 Kg8 32. Nxd5 Qa5 33. Ne7+ Kh7 34. Nxg6 Qxc7 35. Ne7+ Kh8 36. Kxg4 1-0

[Event "Arcadia King Memorial 1st"]
[Site "Arcadia"]
[Date "2023.08.03"]
[Round "3"]
[White "Wu, Derek"]
[Black "Sale, Srdjan"]
[Result "1/2-1/2"]
[WhiteElo "2171"]
[BlackElo "2340"]
[PlyCount "61"]
[EventDate "2023.08.02"]
[EventType "tourn"]
[EventRounds "10"]
[EventCountry "USA"]
[EventCategory "2"]
[SourceTitle "EXT 2024"]
[Source "ChessBase"]
[SourceDate "2023.10.10"]
[SourceVersion "1"]
[SourceVersionDate "2023.10.10"]
[SourceQuality "1"]

1. e4 c5 2. Nf3 e6 3. d4 cxd4 4. Nxd4 a6 5. c4 Nf6 6. Nc3 d6 7. Be2 Nbd7 8. 0-0 b6 9. Be3 Bb7 10. f3 Rc8 11. Rc1 Be7 12. Qe1 0-0 13. Qf2 Qc7 14. b4 Qb8 15. Nb3 Bd8 16. Rfd1 Bc7 17. g4 h6 18. h4 Rfe8 19. g5 hxg5 20. hxg5 Nh7 21. f4 Re7 22. Bf3 d5 23. e5 dxc4 24. Nd4 Nhf8 25. Qg2 Bxf3 26. Qxf3 Bxe5 27. fxe5 Nxe5 28. Qg2 Nfg6 29. Rc2 Rd7 30. Rcd2 Nd3 31. a3 1/2-1/2

[Event "Arcadia King Memorial 1st"]
[Site "Arcadia"]
[Date "2023.08.02"]
[Round "1"]
[White "Sale, Srdjan"]
[Black "Wen, Tommy"]
[Result "1/2-1/2"]
[WhiteElo "2340"]
[BlackElo "2323"]
[PlyCount "95"]
[EventDate "2023.08.02"]
[EventType "tourn"]
[EventRounds "10"]
[EventCountry "USA"]
[EventCategory "2"]
[SourceTitle "EXT 2024"]
[Source "ChessBase"]
[SourceDate "2023.10.10"]
[SourceVersion "1"]
[SourceVersionDate "2023.10.10"]
[SourceQuality "1"]

1. c4 Nf6 2. Nf3 g6 3. Nc3 Bg7 4. d4 d5 5. cxd5 Nxd5 6. Qb3 Nxc3 7. bxc3 c5 8. e3 0-0 9. Be2 Nc6 10. 0-0 cxd4 11. cxd4 b6 12. Ba3 Be6 13. Qa4 Bd5 14. Rfc1 a6 15. Qd1 b5 16. Bc5 Re8 17. Nd2 f5 18. f4 e6 19. a4 b4 20. a5 g5 21. Nc4 gxf4 22. exf4 Bxc4 23. Rxc4 Rb8 24. Bb6 Rxb6 25. axb6 Qxb6 26. Kh1 Nxd4 27. Qa4 Rb8 28. Bd3 b3 29. Qxa6 b2 30. Rc8+ Kf7 31. Rb1 Qxa6 32. Bxa6 Rxc8 33. Bxc8 Nb3 34. Ba6 Nd2 35. Bd3 Nxb1 36. Bxb1 Bd4 37. g3 Ke7 38. Kg2 h6 39. Kf3 Kd6 40. h3 Bf6 41. g4 fxg4+ 42. hxg4 Kd5 43. Ke3 Kc4 44. Ke4 Kc3 45. Ke3 Be7 46. Ke4 Bd6 47. f5 exf5+ 48. gxf5 1/2-1/2

[Event "CRO-chT1A 30th"]
[Site "Porec"]
[Date "2022.09.28"]
[Round "5.5"]
[White "Medancic, Rikard"]
[Black "Sale, Srdjan"]
[Result "1/2-1/2"]
[WhiteElo "2120"]
[BlackElo "2366"]
[PlyCount "25"]
[EventDate "2022.09.24"]
[EventType "team-tourn"]
[EventRounds "9"]
[EventCountry "CRO"]
[SourceTitle "CBM 210 Extra"]
[Source "ChessBase"]
[SourceDate "2022.11.30"]
[SourceVersion "1"]
[SourceVersionDate "2022.11.30"]
[SourceQuality "1"]
[WhiteTeam "Sesvete Agroproteinka"]
[BlackTeam "Kastel Novi"]
[WhiteTeamCountry "CRO"]
[BlackTeamCountry "CRO"]

1. d4 Nf6 2. Nf3 g6 3. Bg5 Bg7 4. Nbd2 0-0 5. c3 d5 6. e3 Nbd7 7. Be2 Re8 8. 0-0 c6 9. h3 e5 10. dxe5 Nxe5 11. Nxe5 Rxe5 12. Bf4 Re8 13. a4 1/2-1/2

[Event "Split op 11th"]
[Site "Split"]
[Date "2022.07.22"]
[Round "7"]
[White "Martinovic, Sasa"]
[Black "Sale, Srdjan"]
[Result "0-1"]
[WhiteElo "2546"]
[BlackElo "2362"]
[PlyCount "54"]
[EventDate "2022.07.16"]
[EventType "swiss"]
[EventRounds "9"]
[EventCountry "CRO"]
[SourceTitle "CBM 209 Extra"]
[Source "ChessBase"]
[SourceDate "2022.09.30"]
[SourceVersion "1"]
[SourceVersionDate "2022.09.30"]
[SourceQuality "1"]

1. d4 Nf6 2. c4 e6 3. Nc3 Bb4 4. Nf3 c5 5. g3 d6 6. Bg2 Nc6 7. 0-0 Bxc3 8. bxc3 0-0 9. Bf4 Nh5 10. Be3 Qe7 11. Nd2 Nf6 12. dxc5 dxc5 13. Nb3 Nd7 14. f4 a5 15. a4 Ra6 16. Qd3 Ncb8 17. Rad1 b6 18. Nd2 Ra7 19. Ne4 Bb7 20. Rd2 Nf6 21. Rfd1 Nxe4 22. Bxe4 f5 23. Bxb7 Rxb7 24. Qb1 Rc8 25. Rd6 Rc6 26. Qb5 Rxd6 27. Rxd6 Qxd6 0-1

[Event "Split op 11th"]
[Site "Split"]
[Date "2022.07.19"]
[Round "5"]
[White "Van Dael, Siem"]
[Black "Sale, Srdjan"]
[Result "1/2-1/2"]
[WhiteElo "2253"]
[BlackElo "2362"]
[PlyCount "74"]
[EventDate "2022.07.16"]
[EventType "swiss"]
[EventRounds "9"]
[EventCountry "CRO"]
[SourceTitle "CBM 209 Extra"]
[Source "ChessBase"]
[SourceDate "2022.09.30"]
[SourceVersion "1"]
[SourceVersionDate "2022.09.30"]
[SourceQuality "1"]

1. e4 c5 2. Nf3 e6 3. d4 cxd4 4. Nxd4 Qb6 5. Nb3 Qc7 6. Nc3 a6 7. a4 Nf6 8. Bd3 Nc6 9. 0-0 b6 10. f4 d6 11. Be3 Be7 12. Kh1 Bb7 13. Qf3 Nb4 14. a5 b5 15. Bb6 Qb8 16. Qh3 e5 17. Qg3 0-0 18. fxe5 dxe5 19. Bc5 Nh5 20. Qf3 Bxc5 21. Nxc5 Nf6 22. Qg3 Qc7 23. Nxb7 Nd7 24. Nd5 Nxd5 25. exd5 Qxb7 26. Rad1 Rae8 27. Bf5 g6 28. Bxd7 Qxd7 29. Rf6 Qc7 30. Qb3 Qxa5 31. d6 Qd8 32. Rdf1 Qd7 33. c4 bxc4 34. Qxc4 Re6 35. Rxe6 Qxe6 36. Qxe6 fxe6 37. Rc1 e4 1/2-1/2

[Event "CRO-chT1A 29th"]
[Site "Mali Losinj"]
[Date "2021.09.27"]
[Round "3.3"]
[White "Sale, Srdjan"]
[Black "Zelcic, Robert"]
[Result "0-1"]
[WhiteElo "2399"]
[BlackElo "2527"]
[PlyCount "82"]
[EventDate "2021.09.25"]
[EventType "team-tourn"]
[EventRounds "9"]
[EventCountry "CRO"]
[SourceTitle "CBM 204 Extra"]
[Source "ChessBase"]
[SourceDate "2021.11.30"]
[SourceVersion "1"]
[SourceVersionDate "2021.11.30"]
[SourceQuality "1"]
[WhiteTeam "Kastel Novi"]
[BlackTeam "Zagreb Zagreb"]
[WhiteTeamCountry "CRO"]
[BlackTeamCountry "CRO"]

1. Nf3 d5 2. g3 c5 3. Bg2 Nc6 4. 0-0 e5 5. d3 Be7 6. c4 dxc4 7. Qa4 Bd7 8. Qxc4 Nf6 9. Bg5 0-0 10. Bxf6 Bxf6 11. Nc3 Be7 12. Rac1 Rc8 13. Rfd1 a6 14. Qb3 b5 15. e3 Be6 16. Qc2 Qb6 17. Nd2 Rfd8 18. a3 h6 19. Re1 Na5 20. Nf3 Qb8 21. Qe2 Nb3 22. Rcd1 b4 23. Nb1 Bf5 24. axb4 cxb4 25. d4 exd4 26. Nxd4 Nxd4 27. exd4 Bf6 28. d5 a5 29. Qa6 Qa8 30. Qb5 Qa7 31. d6 Rc5 32. Qe2 Rc2 33. Rd2 Rxd2 34. Nxd2 Qd4 35. Be4 Be6 36. b3 Qxd6 37. Nc4 Qc5 38. Rc1 Bc3 39. Rd1 Bd4 40. Rc1 g6 41. Bxg6 Qg5 0-1

[Event "CRO-chT1A 28th"]
[Site "Mali Losinj"]
[Date "2019.10.05"]
[Round "8.15"]
[White "Sale, Srdjan"]
[Black "Mrkonjic, Nenad"]
[Result "1-0"]
[WhiteElo "2428"]
[BlackElo "2343"]
[PlyCount "81"]
[EventDate "2019.09.28"]
[EventType "team-tourn"]
[EventRounds "9"]
[EventCountry "CRO"]
[SourceTitle "EXT 2020"]
[Source "ChessBase"]
[SourceDate "2019.10.17"]
[SourceVersion "1"]
[SourceVersionDate "2019.10.17"]
[SourceQuality "1"]
[WhiteTeam "Kastel Novi"]
[BlackTeam "Osijek Ferit"]
[WhiteTeamCountry "CRO"]
[BlackTeamCountry "CRO"]

1. f4 d5 2. Nf3 g6 3. g3 Bg7 4. Bg2 e6 5. 0-0 b5 6. d3 Ne7 7. Qe1 a5 8. e4 0-0 9. e5 c5 10. Be3 Qc7 11. Nbd2 Ba6 12. Nb3 d4 13. Bf2 a4 14. Nxc5 Qxc5 15. Nxd4 Nd7 16. Nxe6 Qc8 17. Nxf8 Nxf8 18. Qb4 Nc6 19. Qc5 Nd8 20. Rac1 Nfe6 21. Qxc8 Rxc8 22. d4 Bf8 23. d5 Ng7 24. Rfd1 Bc5 25. Bxc5 Rxc5 26. Kf2 Kf8 27. a3 Nb7 28. d6 Nd8 29. Rd5 Rc6 30. Bf1 Rb6 31. b3 axb3 32. cxb3 Nge6 33. b4 Ke8 34. Ke3 Kd7 35. g4 g5 36. f5 Nf4 37. Rc7+ Ke8 38. Rdc5 h6 39. Ra7 Bb7 40. Rxb5 Ra6 41. Rbxb7 1-0

[Event "CRO-chT1A 28th"]
[Site "Mali Losinj"]
[Date "2019.09.29"]
[Round "2.15"]
[White "Sale, Srdjan"]
[Black "Bobanac, Miro"]
[Result "1/2-1/2"]
[WhiteElo "2428"]
[BlackElo "2257"]
[PlyCount "69"]
[EventDate "2019.09.28"]
[EventType "team-tourn"]
[EventRounds "9"]
[EventCountry "CRO"]
[SourceTitle "EXT 2020"]
[Source "ChessBase"]
[SourceDate "2019.10.17"]
[SourceVersion "1"]
[SourceVersionDate "2019.10.17"]
[SourceQuality "1"]
[WhiteTeam "Kastel Novi"]
[BlackTeam "Split Mornar"]
[WhiteTeamCountry "CRO"]
[BlackTeamCountry "CRO"]

1. e4 Nf6 2. e5 Nd5 3. d4 c6 4. Nf3 Nc7 5. Bd3 d5 6. h3 g6 7. 0-0 Bg7 8. Re1 0-0 9. Nbd2 Nba6 10. c3 c5 11. Nf1 cxd4 12. Nxd4 Nc5 13. Bc2 N5e6 14. Nf3 b6 15. Be3 Bb7 16. Qd2 Qd7 17. Rad1 Rfd8 18. Bh6 Qb5 19. Bxg7 Kxg7 20. Bb1 d4 21. Nxd4 Nxd4 22. cxd4 Ne6 23. Qc3 Rac8 24. Qa3 Rc7 25. Bd3 Qe8 26. Rc1 Rxc1 27. Rxc1 Rxd4 28. Ne3 Qb8 29. Bc4 Nc5 30. b4 Ne4 31. Ng4 Qd8 32. Qxa7 Qc7 33. Ne3 Nd2 34. Rc2 Nxc4 35. Rxc4 1/2-1/2

[Event "CRO-chT1A 28th"]
[Site "Mali Losinj"]
[Date "2019.09.28"]
[Round "1.15"]
[White "Rogulj, Branko"]
[Black "Sale, Srdjan"]
[Result "1-0"]
[WhiteElo "2400"]
[BlackElo "2428"]
[PlyCount "87"]
[EventDate "2019.09.28"]
[EventType "team-tourn"]
[EventRounds "9"]
[EventCountry "CRO"]
[SourceTitle "EXT 2020"]
[Source "ChessBase"]
[SourceDate "2019.10.17"]
[SourceVersion "1"]
[SourceVersionDate "2019.10.17"]
[SourceQuality "1"]
[WhiteTeam "Zagreb Hask Mladost"]
[BlackTeam "Kastel Novi"]
[WhiteTeamCountry "CRO"]
[BlackTeamCountry "CRO"]

1. e4 c5 2. Nc3 e6 3. Nge2 Nf6 4. g3 d5 5. exd5 exd5 6. d4 Bg4 7. Bg2 cxd4 8. Qxd4 Nc6 9. Qd3 Nb4 10. Qd2 d4 11. Ne4 Rc8 12. c3 dxc3 13. bxc3 Nd3+ 14. Kf1 Nxe4 15. Bxe4 Bh3+ 16. Kg1 Nxc1 17. Qxc1 Bc5 18. Nf4 Bg4 19. Qc2 Rc7 20. Kg2 h6 21. h3 Bc8 22. Rad1 Rd7 23. Bf5 Rd6 24. Rhe1+ Kf8 25. Rxd6 Bxd6 26. Rd1 Qc7 27. Bxc8 Bxf4 28. Qf5 Bg5 29. Rd7 Qc6+ 30. Kh2 Bf6 31. Bxb7 Qe6 32. Qxe6 fxe6 33. c4 Be7 34. c5 Kf7 35. c6 Rd8 36. c7 Rxd7 37. c8Q Rd2 38. Kg2 Rxa2 39. Ba6 Rb2 40. Qc7 Rb6 41. Qxa7 Rd6 42. Bc4 g6 43. h4 h5 44. Qe3 1-0

[Event "Hum na Sutli op 13th"]
[Site "Hum na Sutli"]
[Date "2019.08.30"]
[Round "8"]
[White "Sale, Srdjan"]
[Black "Pandurevic, Miro"]
[Result "1-0"]
[WhiteElo "2428"]
[BlackElo "2177"]
[PlyCount "117"]
[EventDate "2019.08.24"]
[EventType "swiss"]
[EventRounds "9"]
[EventCountry "CRO"]
[SourceTitle "EXT 2020"]
[Source "ChessBase"]
[SourceDate "2019.10.17"]
[SourceVersion "1"]
[SourceVersionDate "2019.10.17"]
[SourceQuality "1"]

1. e4 e6 2. d3 d5 3. Nd2 Nf6 4. Ngf3 dxe4 5. dxe4 Bc5 6. Bd3 Nc6 7. 0-0 a6 8. e5 Ng4 9. Qe2 h5 10. Nb3 Nd4 11. Nbxd4 Bxd4 12. Bg5 f6 13. Bg6+ Ke7 14. Rad1 c5 15. Bf4 Bd7 16. c3 Bb5 17. Bd3 Bxf2+ 18. Rxf2 Nxf2 19. Kxf2 c4 20. Be4 Qb6+ 21. Be3 Qc7 22. Nh4 Be8 23. exf6+ gxf6 24. g3 Rd8 25. Rxd8 Kxd8 26. Qf3 f5 27. Bxb7 Rh7 28. Bg5+ Kd7 29. Qd1+ Qd6 30. Qxd6+ Kxd6 31. Bxa6 Rc7 32. Nf3 Rc6 33. Bb5 Rc8 34. Bf4+ Ke7 35. Nd4 Bxb5 36. Nxb5 Kf6 37. Bc7 e5 38. Nd6 Ra8 39. Nxc4 e4 40. a3 Ke6 41. b3 Rc8 42. Bf4 Rd8 43. Ke2 Rd3 44. Bd2 h4 45. Ne3 hxg3 46. hxg3 Ke5 47. a4 Rd8 48. a5 Rh8 49. Be1 Rh2+ 50. Bf2 Rh1 51. Nf1 Rh6 52. b4 Kd5 53. Ne3+ Ke5 54. b5 Rh1 55. Nf1 Kd5 56. a6 Rh8 57. Bd4 Rb8 58. Ne3+ Ke6 59. a7 1-0

[Event "Split op 9th"]
[Site "Split"]
[Date "2019.08.10"]
[Round "8"]
[White "Sale, Srdjan"]
[Black "Vojak, Daniel"]
[Result "1-0"]
[WhiteElo "2428"]
[BlackElo "2254"]
[PlyCount "117"]
[EventDate "2019.08.03"]
[EventType "swiss"]
[EventRounds "9"]
[EventCountry "CRO"]
[SourceTitle "CBM 191 Extra"]
[Source "ChessBase"]
[SourceDate "2019.09.30"]
[SourceVersion "1"]
[SourceVersionDate "2019.09.30"]
[SourceQuality "1"]

1. d4 Nf6 2. c4 c5 3. d5 e5 4. Nc3 d6 5. e4 Be7 6. g3 0-0 7. Bg2 Ne8 8. Nge2 Nd7 9. 0-0 Rb8 10. a4 b6 11. Be3 a6 12. f4 Nc7 13. Qd3 Bf6 14. Kh1 Re8 15. Bd2 Nf8 16. Ng1 Bd7 17. Nf3 Ng6 18. f5 Nf8 19. Rfb1 h6 20. h4 Qe7 21. Be3 a5 22. Nb5 Bxf5 23. Rf1 Bc8 24. Rf2 Nh7 25. Raf1 Nxb5 26. cxb5 Rf8 27. Nd2 Qd8 28. Nc4 Be7 29. Qe2 Nf6 30. Bf3 h5 31. Bd2 Bg4 32. Kg2 Qd7 33. Bxg4 Qxg4 34. Bg5 Qxe2 35. Rxe2 Rfd8 36. Ref2 Rd7 37. Bxf6 Bxf6 38. Rxf6 gxf6 39. Rxf6 Kg7 40. Rf5 Kh6 41. b3 Rbb7 42. Kf3 Rb8 43. Ke2 Rbb7 44. Ne3 Kg7 45. Rg5+ Kf8 46. Rxh5 Ke7 47. Rh8 Rd8 48. Nf5+ Kd7 49. Rh6 Kc7 50. Rf6 Rd7 51. h5 Rb8 52. g4 Rh8 53. Kf3 Rh7 54. Kg3 Rd8 55. Kh4 Rd7 56. g5 Rd8 57. Kg4 Rd7 58. h6 Rd8 59. Ng7 1-0

[Event "CRO Cup"]
[Site "Mali Losinj"]
[Date "2019.05.19"]
[Round "6.43"]
[White "Sale, Srdjan"]
[Black "Filipovic, Marko"]
[Result "1/2-1/2"]
[WhiteElo "2443"]
[BlackElo "2324"]
[PlyCount "118"]
[EventDate "2019.05.15"]
[EventType "team-swiss"]
[EventRounds "6"]
[EventCountry "CRO"]
[SourceTitle "CBM 190 Extra"]
[Source "ChessBase"]
[SourceDate "2019.07.15"]
[SourceVersion "1"]
[SourceVersionDate "2019.07.15"]
[SourceQuality "1"]
[WhiteTeam "Kastel Novi Sedlar"]
[BlackTeam "Dakovo"]
[WhiteTeamCountry "CRO"]
[BlackTeamCountry "CRO"]

1. e4 c5 2. Nf3 d6 3. Bb5+ Nd7 4. a4 a6 5. Bc4 e6 6. 0-0 Ngf6 7. Re1 Be7 8. d3 0-0 9. a5 d5 10. exd5 exd5 11. Bb3 Nb8 12. Ne5 Nc6 13. Nxc6 bxc6 14. Nc3 Rb8 15. Bd2 Bd6 16. h3 Bc7 17. Ne2 Nh5 18. Ra4 Qf6 19. Nd4 Nf4 20. Nf3 d4 21. Bxf4 Qxf4 22. Qe2 Rxb3 23. cxb3 Be6 24. Qe4 Bxb3 25. Qxf4 Bxf4 26. Ra3 Be6 27. g3 Bd6 28. Ng5 Bd5 29. Ne4 Be7 30. Nd2 Bg5 31. f4 Bf6 32. Nc4 g5 33. f5 Rd8 34. Rb3 g4 35. h4 h5 36. Rb6 Bxc4 37. dxc4 d3 38. Rd1 d2 39. Kf1 Rd3 40. Rxa6 Bxb2 41. Ra8+ Kg7 42. Ke2 Rxg3 43. Rxd2 Bd4 44. a6 Ra3 45. a7 Kf6 46. Kf1 Kxf5 47. Re2 Kf4 48. Re7 f5 49. Rg8 Ra1+ 50. Ke2 Ra2+ 51. Kd3 Ra3+ 52. Kc2 g3 53. a8Q Rxa8 54. Rxa8 g2 55. Rg8 g1Q 56. Rxg1 Bxg1 57. Rh7 Bf2 58. Rxh5 Kg4 59. Rg5+ Kf4 1/2-1/2

[Event "Bosnjaci op 24th"]
[Site "Bosnjaci"]
[Date "2019.01.08"]
[Round "8"]
[White "Fercec, Nenad"]
[Black "Sale, Srdjan"]
[Result "1/2-1/2"]
[WhiteElo "2451"]
[BlackElo "2446"]
[PlyCount "22"]
[EventDate "2019.01.03"]
[EventType "swiss"]
[EventRounds "9"]
[EventCountry "CRO"]
[SourceTitle "CBM 188 Extra"]
[Source "ChessBase"]
[SourceDate "2019.02.26"]
[SourceVersion "1"]
[SourceVersionDate "2019.02.26"]
[SourceQuality "1"]

1. e4 c5 2. Nf3 Nc6 3. Bb5 g6 4. c3 Nf6 5. Qe2 Bg7 6. 0-0 0-0 7. h3 d6 8. Rd1 Qc7 9. d4 a6 10. Ba4 b5 11. Bc2 e5 1/2-1/2

[Event "Bosnjaci op 24th"]
[Site "Bosnjaci"]
[Date "2019.01.03"]
[Round "1"]
[White "Sale, Srdjan"]
[Black "Lombarovic, Marko"]
[Result "1-0"]
[WhiteElo "2446"]
[BlackElo "1764"]
[PlyCount "61"]
[EventDate "2019.01.03"]
[EventType "swiss"]
[EventRounds "9"]
[EventCountry "CRO"]
[SourceTitle "CBM 188 Extra"]
[Source "ChessBase"]
[SourceDate "2019.02.26"]
[SourceVersion "1"]
[SourceVersionDate "2019.02.26"]
[SourceQuality "1"]

1. e4 e5 2. f4 d5 3. exd5 Qxd5 4. Nc3 Qe6 5. fxe5 Qxe5+ 6. Be2 c6 7. Nf3 Qd6 8. d4 Nf6 9. 0-0 Be7 10. Ne5 0-0 11. Bf4 Qd8 12. Qd3 Be6 13. Rad1 Nd5 14. Nxd5 cxd5 15. Qg3 Bh4 16. Qb3 Qc8 17. Bf3 Rd8 18. c4 dxc4 19. Qxb7 Na6 20. Qxa8 Qxa8 21. Bxa8 Rxa8 22. d5 Bc8 23. Nxc4 Bf6 24. Be5 Bxe5 25. Nxe5 f6 26. Nc6 Bd7 27. Rfe1 Kf8 28. a3 Nc5 29. b4 Nb7 30. Rc1 Nd6 31. Nd4 1-0

[Event "CRO-chT1A 27th"]
[Site "Biograd"]
[Date "2018.09.15"]
[Round "8.56"]
[White "Sale, Srdjan"]
[Black "Separovic, Tomislav"]
[Result "1-0"]
[WhiteElo "2428"]
[BlackElo "2153"]
[PlyCount "81"]
[EventDate "2018.09.08"]
[EventType "team-tourn"]
[EventRounds "9"]
[EventCountry "CRO"]
[SourceTitle "CBM 186 Extra"]
[Source "ChessBase"]
[SourceDate "2018.08.24"]
[SourceVersion "1"]
[SourceVersionDate "2018.08.24"]
[SourceQuality "1"]
[WhiteTeam "Kastel Novi"]
[BlackTeam "Dubrovnik"]
[WhiteTeamCountry "CRO"]
[BlackTeamCountry "CRO"]

1. e4 d5 2. exd5 Qxd5 3. Nc3 Qd6 4. d4 Nf6 5. Bc4 a6 6. Nf3 b5 7. Bd3 Bb7 8. 0-0 e6 9. Qe2 Nbd7 10. a4 b4 11. Ne4 Nxe4 12. Bxe4 Bxe4 13. Qxe4 c6 14. Bf4 Qd5 15. Qd3 Bd6 16. Bxd6 Qxd6 17. Rfe1 0-0 18. Ng5 Nf6 19. Re5 Rfd8 20. Nf3 a5 21. Qc4 Nd7 22. Rh5 Rdc8 23. Qd3 h6 24. Rd1 c5 25. Qe2 Qb6 26. h3 Nf6 27. Rxc5 Rxc5 28. dxc5 Qxc5 29. Ne5 Rc8 30. Rd2 Nd5 31. g3 Rc7 32. Qe4 Rc8 33. Kg2 Qc7 34. Kh2 Nf6 35. Qe2 Nd5 36. Nf3 Qc6 37. Nd4 Qc7 38. Nxe6 Qc6 39. Nd4 Qf6 40. Qb5 Qd6 41. Nf5 1-0

[Event "CRO-chT1A 27th"]
[Site "Biograd"]
[Date "2018.09.09"]
[Round "2.26"]
[White "Sale, Srdjan"]
[Black "Filipovic, Marko"]
[Result "1-0"]
[WhiteElo "2428"]
[BlackElo "2321"]
[PlyCount "55"]
[EventDate "2018.09.08"]
[EventType "team-tourn"]
[EventRounds "9"]
[EventCountry "CRO"]
[SourceTitle "CBM 186 Extra"]
[Source "ChessBase"]
[SourceDate "2018.08.24"]
[SourceVersion "1"]
[SourceVersionDate "2018.08.24"]
[SourceQuality "1"]
[WhiteTeam "Kastel Novi"]
[BlackTeam "Dakovo"]
[WhiteTeamCountry "CRO"]
[BlackTeamCountry "CRO"]

1. g3 d5 2. Bg2 Nf6 3. Nf3 e6 4. 0-0 Be7 5. d3 0-0 6. Nbd2 c5 7. e4 Nc6 8. e5 Nd7 9. Re1 Rb8 10. Nf1 b5 11. h4 Qc7 12. Bf4 b4 13. h5 a5 14. h6 g6 15. Ne3 Ba6 16. Nxd5 exd5 17. e6 Bd6 18. Bxd6 Qxd6 19. exd7 Qxd7 20. d4 f6 21. dxc5 d4 22. Nd2 Rbd8 23. Ne4 Qf5 24. Qf3 Qxf3 25. Bxf3 d3 26. Nd6 Nd4 27. Bd5+ Kh8 28. cxd3 1-0